000 00339nam a2200145Ia 4500
008 240624s9999 xx 000 0 und d
041 _aeng
082 _a338.7 SHA
100 _aSHARMA PRAMODITA
245 _aFAMILY BUSINESS
260 _c2015
_aLondon
_bSage
300 _alii, : 395 : p. : cm. ; 24
365 _cGBP
_b38
440 _v2
999 _c27586
_d27586